Investigation on the Rationale behind Molybdenum Cofactor Deficiency (MoCD) Type-A using Molecular Docking and Molecular Dynamics(MD) approach / (Record no. 591265)
[ view plain ]
| 000 -LEADER | |
|---|---|
| fixed length control field | 00501nam a22001457a 4500 |
| 027 ## - STANDARD TECHNICAL REPORT NUMBER | |
| Qualifying information | Hard Cover. |
| 040 ## - CATALOGING SOURCE | |
| Transcribing agency | SINES-NUST, |
| 082 ## - DEWEY DECIMAL CLASSIFICATION NUMBER | |
| Classification number | 570.2 |
| Author Mark | ZAF |
| 100 ## - MAIN ENTRY--PERSONAL NAME | |
| Personal name | Beenish Zafar. |
| 9 (RLIN) | 98332 |
| 245 ## - TITLE STATEMENT | |
| Title | Investigation on the Rationale behind Molybdenum Cofactor Deficiency (MoCD) Type-A using Molecular Docking and Molecular Dynamics(MD) approach / |
| Statement of responsibility, etc. | Zafar, Beenish |
| 260 ## - PUBLICATION, DISTRIBUTION, ETC. | |
| Place of publication, distribution, etc. | Islamabad: |
| Name of publisher, distributor, etc. | SINES-NUST, |
| Date of publication, distribution, etc. | 2022. |
| 300 ## - PHYSICAL DESCRIPTION | |
| Extent | 84 p. : |
| Other physical details | ill. ; |
| Dimensions | 30cm. |
| 650 ## - SUBJECT ADDED ENTRY--TOPICAL TERM | |
| General subdivision | MS-Bioinformatics. |
| 942 ## - ADDED ENTRY ELEMENTS (KOHA) | |
| Source of classification or shelving scheme | |
| Koha item type | Thesis |
| Withdrawn status | Lost status | Source of classification or shelving scheme | Damaged status | Not for loan | Permanent Location | Current Location | Shelving location | Date acquired | Total Checkouts | Full call number | Barcode | Date last seen | Price effective from | Koha item type |
|---|---|---|---|---|---|---|---|---|---|---|---|---|---|---|
| School of Interdisciplinary Engineering and Sciences (SINES) | School of Interdisciplinary Engineering and Sciences (SINES) | Thesis | 08/22/2022 | 570.2 ZAF | RCMS003342 | 08/22/2022 | 08/22/2022 | Reference |
